Normal view
MARC view
- Kuby, Michael, Harner, John, Gober, Patricia
Entry Personal Name
001 - CONTROL NUMBER
- control field: 73724
003 - CONTROL NUMBER IDENTIFIER
- control field: NUST
005 - DATE AND TIME OF LATEST TRANSACTION
- control field: 20210628205053.0
008 - FIXED-LENGTH DATA ELEMENTS
- fixed length control field: 210628|| aca||aabn | a|a d
040 ## - CATALOGING SOURCE
- Original cataloging agency: NUST
- Transcribing agency: NUST
100 ## - HEADING--PERSONAL NAME
- Personal name: Kuby, Michael, Harner, John, Gober, Patricia
670 ## - SOURCE DATA FOUND
- Source citation: Work cat.: (NUST): Kuby, Michael, Harner, John, Gober, Patricia, Human geography in action, 2007
